| 000 | 01004cam a2200217 4500 | ||
|---|---|---|---|
| 008 | 020429n2001 000 0 eng u | ||
| 020 | _a0860175714 | ||
| 035 | _a(Sirsi) u117732 | ||
| 041 | 0 | _aeng | |
| 050 | 0 | 4 | _a333.72 $2 18 |
| 245 | 0 | 0 |
_aSustainable construction procurement _ba guide to delivering environmentally responsible projects |
| 260 |
_aLondon _bCIRIA _c2001 |
||
| 300 |
_a216p. _c30cm. |
||
| 490 | 0 |
_aCIRIA _vC571 |
|
| 520 | _aA guide designed to help all those involved in construction projects improve their environmental and sustainability performance, for both the product and the process of construction. Provides an overview of environmental responsibility and sustainability in construction projects, and summarises the experience of organisations that have dealt with these issues in different contexts. | ||
| 651 | 4 |
_aUnited Kingdom _y |
|
| 690 | _aBUILT ENVIRONMENT-SUSTAINABLE CONSTRUCTION | ||
| 700 | 1 |
_aAddis, B. _eEditor |
|
| 700 | 1 |
_aTalbot, R. _eEditor |
|
| 942 | _n0 | ||
| 999 |
_c102056 _d102056 |
||